|
|
|
|
| LEADER |
00000cam a2200000 7i4500 |
| 001 |
0000094909 |
| 005 |
20250312161207.0 |
| 008 |
|
| 020 |
|
|
|a 9789670036250 (
|q (paperback))
|
| 040 |
|
|
|e rda
|
| 041 |
|
|
|a Malay
|
| 090 |
0 |
0 |
|a 155
|b PSI
|
| 245 |
1 |
0 |
|a Psikologi perkembangan kanak-kanak dan remaja
|
| 264 |
|
1 |
|a Puchong, Selangor :
|b MK e-Solution Sdn Bhd
|c 2024
|
| 300 |
|
|
|a 248 pages ;
|c 22 cm.
|
| 336 |
|
|
|a text
|2 rdacontent
|
| 337 |
|
|
|a unmediated
|2 rdamedia
|
| 338 |
|
|
|a volume
|2 rdacarrier
|
| 541 |
|
|
|c Purchased on 2024
|f 32112 KZB
|h RM30.00
|
| 650 |
|
0 |
|a Adolescent psychology
|
| 650 |
|
0 |
|a Child psychology
|
| 650 |
|
0 |
|a Development psychology
|
| 700 |
0 |
|
|a Halawi Ramli
|
| 700 |
0 |
|
|a Idrul Hisham Ismail ,
|e author
|
| 700 |
0 |
|
|a Nazilah Abdul Aziz
|
| 700 |
0 |
|
|a Nor Rul Azlifah Zulkafali
|
| 999 |
|
|
|a 0001806847
|b Book
|c Adult Collection
|e Perbadanan Perpustakaan Awam Johor
|
| 999 |
|
|
|a 0001806848
|b Book
|c Adult Collection
|e Perbadanan Perpustakaan Awam Johor
|
| 999 |
|
|
|a 0001806849
|b Book
|c Adult Collection
|e Perbadanan Perpustakaan Awam Johor
|
| 999 |
|
|
|a 0001806850
|b Book
|c Adult Collection
|e Perbadanan Perpustakaan Awam Johor
|
| 999 |
|
|
|a 0001806851
|b Book
|c Adult Collection
|e Perbadanan Perpustakaan Awam Johor
|
| 999 |
|
|
|a 0001806852
|b Book
|c Adult Collection
|e Perbadanan Perpustakaan Awam Johor
|
| 999 |
|
|
|a 0001806853
|b Book
|c Adult Collection
|e Perbadanan Perpustakaan Awam Johor
|
| 999 |
|
|
|a 0001806854
|b Book
|c Adult Collection
|e Perbadanan Perpustakaan Awam Johor
|
| 999 |
|
|
|a 0001806855
|b Book
|c Adult Collection
|e Perbadanan Perpustakaan Awam Johor
|
| 999 |
|
|
|a 0001806856
|b Book
|c Adult Collection
|e Perbadanan Perpustakaan Awam Johor
|
| 999 |
|
|
|a 0001806857
|b Book
|c Adult Collection
|e Perbadanan Perpustakaan Awam Johor
|
| 999 |
|
|
|a 0001806858
|b Book
|c Adult Collection
|e Perbadanan Perpustakaan Awam Johor
|
| 999 |
|
|
|a 0001806859
|b Book
|c Adult Collection
|e Perbadanan Perpustakaan Awam Johor
|
| 999 |
|
|
|a 0001806860
|b Book
|c Adult Collection
|e Perbadanan Perpustakaan Awam Johor
|
| 999 |
|
|
|a 0001806861
|b Book
|c Adult Collection
|e Perbadanan Perpustakaan Awam Johor
|
| 999 |
|
|
|a 0001806862
|b Book
|c Adult Collection
|e Perbadanan Perpustakaan Awam Johor
|
| 999 |
|
|
|a 0001806863
|b Book
|c Adult Collection
|e Perbadanan Perpustakaan Awam Johor
|
| 999 |
|
|
|a 0001807586
|b Book
|c Adult Collection
|e Desa - PPAJ
|
| 999 |
|
|
|a 0001807587
|b Book
|c Adult Collection
|e Desa - PPAJ
|
| 999 |
|
|
|a 0001807588
|b Book
|c Adult Collection
|e Desa - PPAJ
|
| 999 |
|
|
|a 0001807589
|b Book
|c Adult Collection
|e Desa - PPAJ
|
| 999 |
|
|
|a 0001807590
|b Book
|c Adult Collection
|e Desa - PPAJ
|
| 999 |
|
|
|a 0001807591
|b Book
|c Adult Collection
|e Desa - PPAJ
|
| 999 |
|
|
|a 0001807592
|b Book
|c Adult Collection
|e Desa - PPAJ
|
| 999 |
|
|
|a 0001807593
|b Book
|c Adult Collection
|e Desa - PPAJ
|
| 999 |
|
|
|a 0001807594
|b Book
|c Adult Collection
|e Desa - PPAJ
|
| 999 |
|
|
|a 0001807595
|b Book
|c Adult Collection
|e Desa - PPAJ
|
| 999 |
|
|
|a 0001807596
|b Book
|c Adult Collection
|e Desa - PPAJ
|
| 999 |
|
|
|a 0001807597
|b Book
|c Adult Collection
|e Desa - PPAJ
|
| 999 |
|
|
|a 0001807598
|b Book
|c Adult Collection
|e Desa - PPAJ
|
| 999 |
|
|
|a 0001807599
|b Book
|c Adult Collection
|e Desa - PPAJ
|
| 999 |
|
|
|a 0001807600
|b Book
|c Adult Collection
|e Desa - PPAJ
|
| 999 |
|
|
|a 0001807601
|b Book
|c Adult Collection
|e Desa - PPAJ
|
| 999 |
|
|
|a 0001807602
|b Book
|c Adult Collection
|e Desa - PPAJ
|
| 999 |
|
|
|a 0001807603
|b Book
|c Adult Collection
|e Desa - PPAJ
|
| 999 |
|
|
|a 0001807604
|b Book
|c Adult Collection
|e Desa - PPAJ
|
| 999 |
|
|
|a 0001807605
|b Book
|c Adult Collection
|e Desa - PPAJ
|
| 999 |
|
|
|a 0001807606
|b Book
|c Adult Collection
|e Desa - PPAJ
|
| 999 |
|
|
|a 0001807607
|b Book
|c Adult Collection
|e Desa - PPAJ
|
| 999 |
|
|
|a 0001807608
|b Book
|c Adult Collection
|e Desa - PPAJ
|
| 999 |
|
|
|a 0001807609
|b Book
|c Adult Collection
|e Desa - PPAJ
|
| 999 |
|
|
|a 0001807610
|b Book
|c Adult Collection
|e Desa - PPAJ
|
| 999 |
|
|
|a 0001807611
|b Book
|c Adult Collection
|e Desa - PPAJ
|
| 999 |
|
|
|a 0001807612
|b Book
|c Adult Collection
|e Desa - PPAJ
|
| 999 |
|
|
|a 0001807613
|b Book
|c Adult Collection
|e Desa - PPAJ
|
| 999 |
|
|
|a 0001807614
|b Book
|c Adult Collection
|e Desa - PPAJ
|
| 999 |
|
|
|a 0001807615
|b Book
|c Adult Collection
|e Desa - PPAJ
|
| 999 |
|
|
|a 0001807616
|b Book
|c Adult Collection
|e Desa - PPAJ
|
| 999 |
|
|
|a 0001807617
|b Book
|c Adult Collection
|e Desa - PPAJ
|
| 999 |
|
|
|a 0001807618
|b Book
|c Adult Collection
|e Desa - PPAJ
|
| 999 |
|
|
|a 0001807619
|b Book
|c Adult Collection
|e Desa - PPAJ
|
| 999 |
|
|
|a 0001807620
|b Book
|c Adult Collection
|e Desa - PPAJ
|
| 999 |
|
|
|a 0001807621
|b Book
|c Adult Collection
|e Desa - PPAJ
|
| 999 |
|
|
|a 0001807622
|b Book
|c Adult Collection
|e Desa - PPAJ
|
| 999 |
|
|
|a 0001807623
|b Book
|c Adult Collection
|e Desa - PPAJ
|
| 999 |
|
|
|a 0001807624
|b Book
|c Adult Collection
|e Desa - PPAJ
|
| 999 |
|
|
|a 0001807625
|b Book
|c Adult Collection
|e Desa - PPAJ
|
| 999 |
|
|
|a 0001807626
|b Book
|c Adult Collection
|e Desa - PPAJ
|